00866nam a2200277Ic 450000100060000000300100000600500170001600700030003300800410003602000180007704000350009504100080013008200170013810000300015524501060018525000220029126400400031330000180035333600270037133700330039833800280043150000360045965000150049565000360051070000420054659981CO-BoRNBP20251113162532.0ta180109s2017 sp g 000 0 spa  a9788434425316 aCO-BoRNBPbspaerdacCO-BoRNBP aspa04a937.06bB14r aBaker, Simon,d1969-eaut10aRoma :bauge y caída de un imperio /cSimon Baker ; traducción de María Luz García de la Hoz. aPrimera edición 1aBarcelona, España :bAriel,c2017 a444 páginas atextobtxt2rdacontent asin mediaciónbn2rdamedia avolumenbnc2rdacarrier aIncluye información del autor00aRoma2LEMB00aRomaxHistoria-hasta 15002LEMB aGarcía de la Hoz, María Luz,etrl